000 00386nam a2200145Ia 4500
005 20250729165649.0
008 250729s2007 xx 000 0 und d
041 _akan
082 _a370 YADP
100 _aDr.S .B.Yadawada
_9230027
245 _aPragathishila Bharathadalli Shikshana
260 _aGadaga
_bVidhyanidhi Prakashan
_c2007
300 _a586p
650 _aEducation
_9230028
999 _c238576
_d238576